All Countries in the Eastern Hemisphere - Statistics

General Stats
  • This quiz has been taken 63 times
    55 since last reset
  • The average score is 76 of 144
Answer Stats
Answer % Correct
Russia
85%
United Kingdom
83%
China
78%
France
78%
Italy
78%
Finland
75%
India
75%
Australia
73%
Japan
73%
South Korea
73%
Sweden
73%
Greece
70%
Mongolia
70%
North Korea
70%
Norway
70%
Spain
70%
Syria
70%
Belgium
68%
Egypt
68%
Equatorial Guinea
68%
Israel
68%
New Zealand
68%
Vietnam
68%
Albania
65%
Denmark
65%
Germany
65%
Indonesia
65%
Iran
65%
Iraq
65%
Poland
65%
Switzerland
65%
Ukraine
65%
Afghanistan
63%
Belarus
63%
Jordan
63%
Latvia
63%
Lithuania
63%
Bangladesh
60%
Bulgaria
60%
Laos
60%
Luxembourg
60%
Niger
60%
Pakistan
60%
South Africa
60%
Turkey
60%
Bosnia and Herzegovina
58%
Estonia
58%
Hungary
58%
Nigeria
58%
Slovakia
58%
Sudan
58%
Zimbabwe
58%
Algeria
55%
Andorra
55%
Austria
55%
Bhutan
55%
Cambodia
55%
Croatia
55%
Netherlands
55%
Oman
55%
Saudi Arabia
55%
Serbia
55%
South Sudan
55%
Yemen
55%
Armenia
53%
Azerbaijan
53%
Malaysia
53%
Romania
53%
Slovenia
53%
Taiwan
53%
Turkmenistan
53%
Uganda
53%
Vatican City
53%
Brunei
50%
Cyprus
50%
Czechia
50%
Djibouti
50%
Ethiopia
50%
Georgia
50%
Ghana
50%
Kazakhstan
50%
Libya
50%
Macedonia
50%
Madagascar
50%
Philippines
50%
Qatar
50%
Rwanda
50%
Thailand
50%
Zambia
50%
Angola
48%
Kenya
48%
Monaco
48%
Republic of the Congo
48%
San Marino
48%
Sri Lanka
48%
Tajikistan
48%
Tanzania
48%
Uzbekistan
48%
Bahrain
45%
Chad
45%
Democratic Republic of the Congo
45%
Fiji
45%
Myanmar
45%
Namibia
45%
Nepal
45%
United Arab Emirates
45%
Central African Republic
43%
Eritrea
43%
Kosovo
43%
Kuwait
43%
Lebanon
43%
Liechtenstein
43%
Mali
43%
Moldova
43%
Montenegro
43%
Samoa
43%
Singapore
43%
Botswana
40%
Malawi
40%
Papua New Guinea
40%
Somalia
40%
Togo
40%
Benin
38%
Burkina Faso
38%
Burundi
38%
Cameroon
38%
Comoros
38%
Kiribati
38%
Nauru
38%
São Tóme and Prínciple
38%
Kyrgyzstan
35%
Marshall Islands
35%
Mozambique
35%
Palau
35%
Tunisia
35%
Vanuatu
35%
Gabon
33%
Mauritius
33%
Micronesia
33%
Solomon Islands
33%
Timor-Leste
33%
Lesotho
30%
Swaziland
20%
Antarctica
15%
No matching quizzes found
Score Distribution
Percent of People with Each Score
Percentile by Number Answered
Your Score History
You have not taken this quiz since the last reset